000 00760nam a2200253 i 4500
001 bg
245 0 0 _aPiwna 20/26 Emilii i Andrzeja Dłużniewskich 1980-1993 /
_c[red. Maryla Sitkowska] ; Muzeum Akademii Sztuk Pięknych.
260 _aWarszawa :
_bWydaw. ASP,
_c1994.
300 _a316, [4] s. :
_bfot. ;
_c27 cm.
500 _aTekst równol. pol. i ang.
504 _aBibliogr. s. 307.
650 9 _aSztuka
651 9 _aWarszawa
_xGaleria Piwna 20/26
655 _aAlbumy
700 1 _aSITKOWSKA, Maryla.
_eRed.
710 0 _aMuzeum Akademii Sztuk Pięknych
020 _a8390225026
040 _cBPK
041 0 _aplen
080 _a7.03(4)"1980/1993"
920 _a83-902250-2-6
942 _cKS
008 s pl f |000 0 pol
999 _c38098
_d38098
856 _uhttp://koha.tu.koszalin.pl/cgi-bin/koha/opac-detail.pl?biblionumber=38098
_yKatalog online BPK